000 01009nam2a22002411 4500
001 rc\71710
005 20250620200437.0
010 _a5-09-006262-5
_9684000
035 _a(NLR Aleph) 005400518
090 _a7270442
_c7270442
100 _a20021216d1995 |||y0rusy50 ca
101 0 _arus
102 _aRU
105 _aa |||||||||
200 0 _a... № 2
210 _d1995
_aБ. м.
215 _a64 с.
_cил.
461 0 _1001rc\71708
_12001#$aМатематика$eУчебник-тетрадь для 1-го кл. четырехлет. нач. шк.$e[В 4 вып.]$v... № 2
_1700#1$aЖикалкина$bТ.К.$gТатьяна Кирилловна
_97270425
_aЖикалкина, Т.К.
_cМ.
_d1995-
_e3-е изд.
_nПросвещение
_oУчебник-тетрадь для 1-го кл. четырехлет. нач. шк. : [В 4 вып.]
_tМатематика
_y5090063281
_v... № 2
801 0 _aRU
_bNLR
_gpsbo
801 1 _aRU
_bELAR
_2rusmarc
852 _aNLR
_j95-7/666
942 _cBOOK
980 _aNB